Gyermekek és környezetük
Elmentve itt :
| Szerző: | |
|---|---|
| Dokumentumtípus: | Cikk |
| Megjelent: |
1982
|
| Sorozat: | Módszertani közlemények
22 No. 1 |
| Kulcsszavak: | Neveléstudomány |
| Online Access: | http://acta.bibl.u-szeged.hu/26962 |
| LEADER | 00604nab a2200181 i 4500 | ||
|---|---|---|---|
| 001 | acta26962 | ||
| 005 | 20210223153454.0 | ||
| 008 | 161017s1982 hu o 0|| hun d | ||
| 022 | |a 1219-0039 | ||
| 040 | |a SZTE Egyetemi Kiadványok Repozitórium |b hun | ||
| 041 | |a hun | ||
| 100 | 1 | |a Kerékgyártó Imre | |
| 245 | 1 | 0 | |a Gyermekek és környezetük |h [elektronikus dokumentum] / |c Kerékgyártó Imre |
| 260 | |c 1982 | ||
| 300 | |a 4-11 | ||
| 490 | 0 | |a Módszertani közlemények |v 22 No. 1 | |
| 695 | |a Neveléstudomány | ||
| 856 | 4 | 0 | |u http://acta.bibl.u-szeged.hu/26962/1/modszertani_022_001_004-011.pdf |z Dokumentum-elérés |